Route of The Amazing Race 1 - Statistics

General Stats
  • This quiz has been taken 2 times
  • The average score is 23 of 34
Answer Stats
Hint Answer % Correct
Leg 11 Beijing
100%
China
100%
France
100%
France
100%
India
100%
Italy
100%
Leg 13 New York
100%
Starting Line New York
100%
Leg 2 Paris
100%
Leg 6 Rome
100%
Thailand
100%
Leg 4 Tunis
100%
Tunisia
100%
Tunisia
100%
United States
100%
United States
100%
United States
100%
Zambia
100%
Leg 12 Alaska
50%
Leg 9 Bangkok
50%
Leg 7 Delhi
50%
India
50%
India
50%
Italy
50%
Leg 8 Jaipur
50%
Thailand
50%
Tunisia
50%
Leg 8 Deshnoke
0%
Leg 4 El Djem
0%
Leg 7 Ferrara
0%
Leg 1 Livingstone
0%
Leg 3 Paris
0%
Leg 5 Sahara Desert
0%
Leg 10 Southern Thailand
0%
No matching quizzes found
Score Distribution
Percent of People with Each Score
Percentile by Number Answered
Your Score History
You have not taken this quiz